000 00977nam a2200289 i 4500
001 369
005 20251121170921.0
008 121119s1999 mx a gs 000 j spa d
020 _a9789681657154
040 _aCO-BoRNBP
_bspa
_cCO-BoRNBP
_erda
041 _aspa
084 _aP KAS2
100 1 _aKasparavicius, Kestutis,
_d1954-
_967610
245 1 0 _aNavidad en familia
_cKestutis Kasparavicius
250 _aPrimera edición
264 1 _aMéxico
_bFondo de Cultura Económica
_c1999
300 _a24 páginas
_bilustraciones a color
_c27 cm
336 _atexto
_btxt
_2rdacontent
337 _asin mediación
_bn
_2rdamedia
338 _avolumen
_bnc
_2rdacarrier
490 _aLos especiales de a la orilla del viento
650 1 4 _2LEMB
_aPoesía infantiles alemanes
_ySiglo XX
_967611
650 1 4 _2LEMB
_aLiteratura infantil alemana
_ySiglo XX
_9774
650 1 4 _2LEMB
_aAnimales
_vPoesía
_91736
650 1 4 _2LEMB
_aLibros ilustrados para niños
_92001
942 _2loc
_cBKLIT
999 _c369
_d369